000 00536nam a2200193Ia 4500
003 IN-BaIIA
008 211028s9999 xx 000 0 eng d
020 _a471-83990-6
040 _cIIA Library
080 _a521.03
_bSWI
100 _aSwihart, Thomas L
_95857
245 0 _aAstrophysics and stellar astronomy
_cThomas L. Swihart
260 _aNew York
_bWiley
_c1968
300 _ax, 299p.
490 _aSpace science text series
650 _aAstronomy and astrophysics thesaurus
650 _aAstrophysics
_9794
942 _cBK
999 _c3293
_d3293